[Event "Edmonton int."]
[Site "Edmonton CAN"]
[Date "2012.06.28"]
[Round "2"]
[White "Kovalyov, Anton"]
[Black "Pechenkin, Vladimir"]
[Result "1-0"]
[WhiteElo "2619"]
[BlackElo "2312"]
[PlyCount "67"]
[GameId "2160767909509037"]
[EventDate "2012.06.27"]
[EventType "tourn"]
[EventRounds "9"]
[EventCountry "CAN"]
[EventCategory "6"]
[SourceTitle "CBM 149 Extra"]
[Source "ChessBase"]
[SourceDate "2012.08.24"]
[SourceVersion "1"]
[SourceVersionDate "2012.08.24"]
[SourceQuality "1"]

1. Nf3 f5 2. b3 d6 3. d4 g6 4. g3 Bg7 5. Bb2 Nf6 6. Bg2 O-O 7. Nbd2 Qe8 8. a4 h6 9. Nc4 c6 10. O-O g5 11. Ne1 Na6 12. Nd3 Nc7 13. f3 Qg6 14. e3 Bd7 15. Qe2 Qh5 16. Rae1 Rae8 17. h3 Ne6 18. a5 Nd5 19. g4 fxg4 20. fxg4 Qg6 21. Nd2 Rxf1+ 22. Nxf1 Rf8 23. Ng3 Qe8 24. Nf5 Rf7 25. c4 Nf6 26. e4 Bf8 27. Qe3 Nc7 28. e5 Nh7 29. d5 cxd5 30. exd6 Bxf5 31. gxf5 dxc4 32. dxc7 cxd3 33. Qe6 d2 34. Rd1 1-0

[Event "Edmonton int."]
[Site "Edmonton CAN"]
[Date "2012.06.28"]
[Round "2"]
[White "Krush, Irina"]
[Black "Wang, Richard"]
[Result "0-1"]
[WhiteElo "2457"]
[BlackElo "2307"]
[PlyCount "56"]
[GameId "2160767909509038"]
[EventDate "2012.06.27"]
[EventType "tourn"]
[EventRounds "9"]
[EventCountry "CAN"]
[EventCategory "6"]
[SourceTitle "CBM 149 Extra"]
[Source "ChessBase"]
[SourceDate "2012.08.24"]
[SourceVersion "1"]
[SourceVersionDate "2012.08.24"]
[SourceQuality "1"]

1. c4 c5 2. Nf3 Nc6 3. e3 e5 4. Nc3 Nf6 5. a3 d5 6. cxd5 Nxd5 7. Qc2 Nc7 8. b3 Be6 9. Bb2 f6 10. Bd3 Bxb3 11. Qxb3 Qxd3 12. Qxb7 Kd7 13. Qb3 Rb8 14. Qa2 c4 15. Rc1 Na5 16. Ne2 Qb3 17. Qxb3 Rxb3 18. Bc3 Nc6 19. a4 Ba3 20. Ra1 Nd5 21. O-O Rhb8 22. g4 Ke6 23. Rad1 Nb6 24. Ra1 Nxa4 25. Nc1 Nxc3 26. Nxb3 Ne2+ 27. Kg2 Rxb3 28. Ne1 Nb4 0-1

[Event "Edmonton int."]
[Site "Edmonton CAN"]
[Date "2012.06.28"]
[Round "2"]
[White "Mikhalevski, Victor"]
[Black "Porper, Edward"]
[Result "1/2-1/2"]
[WhiteElo "2519"]
[BlackElo "2414"]
[PlyCount "62"]
[GameId "2160767909509039"]
[EventDate "2012.06.27"]
[EventType "tourn"]
[EventRounds "9"]
[EventCountry "CAN"]
[EventCategory "6"]
[SourceTitle "CBM 149 Extra"]
[Source "ChessBase"]
[SourceDate "2012.08.24"]
[SourceVersion "1"]
[SourceVersionDate "2012.08.24"]
[SourceQuality "1"]

1. c4 c6 2. Nf3 d5 3. g3 Nf6 4. Bg2 Bg4 5. Ne5 Be6 6. cxd5 Bxd5 7. Nf3 c5 8. Nc3 Bc6 9. d3 e6 10. O-O Be7 11. e4 O-O 12. Qe2 Qb6 13. Rd1 Rd8 14. Be3 Nbd7 15. h3 Qa6 16. Qc2 b5 17. a4 b4 18. Nb1 Rac8 19. Nbd2 Ne8 20. h4 h6 21. b3 Nd6 22. Rac1 Ba8 23. Bf4 Nb7 24. Nc4 Na5 25. Nxa5 Qxa5 26. Nd2 Nb6 27. Nc4 Nxc4 28. dxc4 Rxd1+ 29. Rxd1 Rd8 30. Be5 Kf8 31. Kf1 Rxd1+ 1/2-1/2

[Event "Edmonton int."]
[Site "Edmonton CAN"]
[Date "2012.06.28"]
[Round "2"]
[White "Short, Nigel"]
[Black "Gardner, Robert"]
[Result "1-0"]
[WhiteElo "2705"]
[BlackElo "2202"]
[PlyCount "49"]
[GameId "2160767909509040"]
[EventDate "2012.06.27"]
[EventType "tourn"]
[EventRounds "9"]
[EventCountry "CAN"]
[EventCategory "6"]
[SourceTitle "CBM 149 Extra"]
[Source "ChessBase"]
[SourceDate "2012.08.24"]
[SourceVersion "1"]
[SourceVersionDate "2012.08.24"]
[SourceQuality "1"]

1. e4 d6 2. Nc3 g6 3. f4 Bg7 4. Bc4 e6 5. Nf3 c5 6. d4 cxd4 7. Nxd4 a6 8. Bb3 Nc6 9. Nxc6 bxc6 10. Be3 Ne7 11. Qd2 O-O 12. O-O-O d5 13. Bc5 Re8 14. Qe3 Rb8 15. h4 Qa5 16. h5 dxe4 17. hxg6 hxg6 18. Nxe4 Nf5 19. Qh3 Nh6 20. Bd6 Rb5 21. g4 f5 22. Nf6+ Bxf6 23. Qxh6 Kf7 24. Qh7+ Bg7 25. Rh6 1-0

[Event "Edmonton int."]
[Site "Edmonton CAN"]
[Date "2012.06.28"]
[Round "3"]
[White "Gardner, Robert"]
[Black "Haessel, Dale"]
[Result "1-0"]
[WhiteElo "2202"]
[BlackElo "2161"]
[PlyCount "75"]
[GameId "2160767909509041"]
[EventDate "2012.06.27"]
[EventType "tourn"]
[EventRounds "9"]
[EventCountry "CAN"]
[EventCategory "6"]
[SourceTitle "CBM 149 Extra"]
[Source "ChessBase"]
[SourceDate "2012.08.24"]
[SourceVersion "1"]
[SourceVersionDate "2012.08.24"]
[SourceQuality "1"]

1. d4 Nf6 2. c4 g6 3. Nc3 d5 4. Nf3 Bg7 5. Bg5 Ne4 6. Bh4 Nxc3 7. bxc3 dxc4 8. Qa4+ Nd7 9. e3 O-O 10. Qa3 c5 11. Bxc4 h6 12. O-O g5 13. Bg3 cxd4 14. cxd4 g4 15. Nd2 e5 16. Nb3 Nb6 17. Be2 exd4 18. Nxd4 Nd5 19. Rad1 Qg5 20. Nb5 Be6 21. Bd6 Rfd8 22. Nc7 Nxc7 23. Bxc7 Rd7 24. Rxd7 Bxd7 25. Rd1 Bc6 26. Qd6 Re8 27. Qg3 h5 28. h3 f5 29. Bc4+ Kh7 30. Bf4 Qe7 31. hxg4 fxg4 32. Qh2 h4 33. Bd3+ Kg8 34. Bf5 h3 35. gxh3 Bf3 36. Rb1 Qa3 37. hxg4 Qxa2 38. Qh7+ 1-0

[Event "Edmonton int."]
[Site "Edmonton CAN"]
[Date "2012.06.29"]
[Round "4"]
[White "Porper, Edward"]
[Black "Pechenkin, Vladimir"]
[Result "1-0"]
[WhiteElo "2414"]
[BlackElo "2312"]
[PlyCount "37"]
[GameId "2160767909509049"]
[EventDate "2012.06.27"]
[EventType "tourn"]
[EventRounds "9"]
[EventCountry "CAN"]
[EventCategory "6"]
[SourceTitle "CBM 149 Extra"]
[Source "ChessBase"]
[SourceDate "2012.08.24"]
[SourceVersion "1"]
[SourceVersionDate "2012.08.24"]
[SourceQuality "1"]

1. Nf3 f5 2. d3 g6 3. e4 d6 4. h4 Bg7 5. h5 e6 6. Nc3 Nc6 7. d4 Qe7 8. Bg5 Qf7 9. h6 Bf6 10. Qd2 a6 11. O-O-O Bd7 12. d5 Ne5 13. Nxe5 dxe5 14. Bc4 Bxg5 15. Qxg5 Ne7 16. d6 cxd6 17. Rxd6 Nc6 18. Rhd1 Nd4 19. Qg3 1-0

[Event "Edmonton int."]
[Site "Edmonton CAN"]
[Date "2012.06.30"]
[Round "5"]
[White "Haessel, Dale"]
[Black "Krush, Irina"]
[Result "0-1"]
[WhiteElo "2161"]
[BlackElo "2457"]
[PlyCount "78"]
[GameId "2160767909509052"]
[EventDate "2012.06.27"]
[EventType "tourn"]
[EventRounds "9"]
[EventCountry "CAN"]
[EventCategory "6"]
[SourceTitle "CBM 149 Extra"]
[Source "ChessBase"]
[SourceDate "2012.08.24"]
[SourceVersion "1"]
[SourceVersionDate "2012.08.24"]
[SourceQuality "1"]

1. d4 Nf6 2. c4 e6 3. Nc3 Bb4 4. Qc2 c5 5. dxc5 O-O 6. a3 Bxc5 7. Nf3 b6 8. b4 Be7 9. e4 a5 10. Rb1 axb4 11. axb4 Na6 12. Na2 Bb7 13. Bd3 d6 14. O-O Qc7 15. Nd4 d5 16. Nb5 Qb8 17. exd5 exd5 18. Re1 Re8 19. Bb2 Qf4 20. Be5 Qg5 21. f4 Qh4 22. g3 Qh6 23. Nd6 Bxd6 24. Bxd6 dxc4 25. Bxc4 Be4 26. Bd3 Bxd3 27. Qxd3 Ng4 28. h4 Red8 29. Rbd1 Qf6 30. Qf3 Qf5 31. Be7 Re8 32. Rd2 h5 33. Rde2 Nc7 34. Nc3 Ne6 35. Qd5 Qxd5 36. Nxd5 Nd4 37. Nc7 Nxe2+ 38. Rxe2 Ra1+ 39. Kg2 Rc8 0-1

[Event "Edmonton int."]
[Site "Edmonton CAN"]
[Date "2012.06.30"]
[Round "5"]
[White "Piasetski, Leon"]
[Black "Mikhalevski, Victor"]
[Result "0-1"]
[WhiteElo "2304"]
[BlackElo "2519"]
[PlyCount "58"]
[GameId "2160767909509054"]
[EventDate "2012.06.27"]
[EventType "tourn"]
[EventRounds "9"]
[EventCountry "CAN"]
[EventCategory "6"]
[SourceTitle "CBM 149 Extra"]
[Source "ChessBase"]
[SourceDate "2012.08.24"]
[SourceVersion "1"]
[SourceVersionDate "2012.08.24"]
[SourceQuality "1"]

1. Nf3 Nf6 2. c4 e6 3. g3 d5 4. Bg2 dxc4 5. Qa4+ Bd7 6. Qxc4 Bc6 7. O-O Nbd7 8. d3 Bd5 9. Qc2 c5 10. e4 Bc6 11. Bf4 Rc8 12. Nbd2 b5 13. a4 a6 14. axb5 axb5 15. Ra7 Be7 16. Rfa1 O-O 17. b3 h6 18. h3 Nh5 19. Be3 f5 20. Nf1 f4 21. Bd2 fxg3 22. fxg3 Bd6 23. Be1 Ne5 24. Qe2 Qf6 25. Nxe5 Bxe5 26. R1a2 Qg5 27. Qg4 Bd4+ 28. Kh2 Qxg4 29. hxg4 Nf6 0-1

[Event "Edmonton int."]
[Site "Edmonton CAN"]
[Date "2012.06.30"]
[Round "5"]
[White "Wang, Richard"]
[Black "Porper, Edward"]
[Result "0-1"]
[WhiteElo "2307"]
[BlackElo "2414"]
[PlyCount "94"]
[GameId "2160767909509055"]
[EventDate "2012.06.27"]
[EventType "tourn"]
[EventRounds "9"]
[EventCountry "CAN"]
[EventCategory "6"]
[SourceTitle "CBM 149 Extra"]
[Source "ChessBase"]
[SourceDate "2012.08.24"]
[SourceVersion "1"]
[SourceVersionDate "2012.08.24"]
[SourceQuality "1"]

1. d4 Nf6 2. c4 e6 3. Nf3 Bb4+ 4. Nbd2 O-O 5. a3 Be7 6. e4 d5 7. e5 Nfd7 8. cxd5 exd5 9. Bd3 c5 10. h4 h6 11. Qe2 cxd4 12. Nxd4 Nc5 13. Bc2 a5 14. g4 Nc6 15. Nxc6 bxc6 16. g5 Ba6 17. Qf3 Re8 18. Qg3 h5 19. g6 f6 20. f4 Qd7 21. Nf3 Ne4 22. Qh3 Qxh3 23. Rxh3 Bc5 24. Rh2 fxe5 25. Nxe5 Nf6 26. Kd1 Ng4 27. Rg2 Nxe5 28. fxe5 Rf8 29. Ba4 Rf1+ 30. Kc2 Bd4 31. Rb1 Rf3 32. Ra1 Bxe5 33. Bd2 Bd3+ 34. Kc1 Rf1+ 35. Bd1 Be4 36. Re2 Bg3 37. Bg5 Bf3 38. Rd2 Re8 39. Kc2 Be4+ 40. Kb3 Rb8+ 41. Ka2 Bxg6 42. Rc1 Be8 43. Rc5 Be1 44. Re2 Bf7 45. Bb3 a4 46. Bxa4 d4+ 47. b3 Bc3 0-1

[Event "Edmonton int."]
[Site "Edmonton CAN"]
[Date "2012.06.30"]
[Round "6"]
[White "Kovalyov, Anton"]
[Black "Haessel, Dale"]
[Result "1-0"]
[WhiteElo "2619"]
[BlackElo "2161"]
[PlyCount "69"]
[GameId "2160767909509056"]
[EventDate "2012.06.27"]
[EventType "tourn"]
[EventRounds "9"]
[EventCountry "CAN"]
[EventCategory "6"]
[SourceTitle "CBM 149 Extra"]
[Source "ChessBase"]
[SourceDate "2012.08.24"]
[SourceVersion "1"]
[SourceVersionDate "2012.08.24"]
[SourceQuality "1"]

1. Nf3 Nf6 2. c4 c6 3. d4 d5 4. e3 Bg4 5. Nc3 e6 6. h3 Bxf3 7. Qxf3 Nbd7 8. Bd3 Bb4 9. Bd2 O-O 10. a3 Ba5 11. b4 Bc7 12. g4 dxc4 13. Bxc4 Nb6 14. Bb3 e5 15. Ne2 a5 16. O-O Qd6 17. Qg2 exd4 18. Nxd4 Ne4 19. Be1 axb4 20. Bxb4 c5 21. Nb5 Qh2+ 22. Qxh2 Bxh2+ 23. Kxh2 cxb4 24. Bc2 Nc3 25. Nxc3 bxc3 26. Rfb1 Nc4 27. Rb3 Rfc8 28. Rxc3 b5 29. Bf5 Rc7 30. Bd3 h6 31. a4 Rc5 32. Be4 Ra5 33. Rd1 Kf8 34. axb5 Raxb5 35. Rdc1 1-0

[Event "Edmonton int."]
[Site "Edmonton CAN"]
[Date "2012.06.30"]
[Round "6"]
[White "Pechenkin, Vladimir"]
[Black "Wang, Richard"]
[Result "1/2-1/2"]
[WhiteElo "2312"]
[BlackElo "2307"]
[PlyCount "97"]
[GameId "2160767909509058"]
[EventDate "2012.06.27"]
[EventType "tourn"]
[EventRounds "9"]
[EventCountry "CAN"]
[EventCategory "6"]
[SourceTitle "CBM 149 Extra"]
[Source "ChessBase"]
[SourceDate "2012.08.24"]
[SourceVersion "1"]
[SourceVersionDate "2012.08.24"]
[SourceQuality "1"]

1. f4 d5 2. Nf3 Bg4 3. e3 Nd7 4. h3 Bxf3 5. Qxf3 c6 6. d4 e6 7. Bd3 f5 8. g4 g6 9. g5 c5 10. c4 dxc4 11. Bxc4 Qb6 12. Nc3 Bg7 13. d5 e5 14. Bd2 e4 15. Qf1 a6 16. h4 Qd6 17. a4 Ne7 18. a5 O-O 19. Rd1 Kf7 20. h5 b5 21. axb6 Nxb6 22. Bxa6 Rfb8 23. hxg6+ hxg6 24. Rh7 Kg8 25. Nb5 Qd7 26. Rxg7+ Kxg7 27. Bc3+ Kf7 28. Qh3 Nbxd5 29. Qh7+ Ke6 30. Qg7 Rxb5 31. Qe5+ Kf7 32. Qg7+ Ke6 33. Qe5+ Kf7 34. Rxd5 Nxd5 35. Bxb5 Ra1+ 36. Kf2 Qxb5 37. Qxd5+ Ke8 38. Qe6+ Kd8 39. Bf6+ Kc7 40. Be5+ Kb7 41. Qf7+ Ka8 42. Qf8+ Ka7 43. Qf7+ Qb7 44. Qxg6 Qd5 45. Qg7+ Ka6 46. Qg6+ Ka7 47. Qg7+ Ka6 48. Qg6+ Kb5 49. Qe8+ 1/2-1/2

[Event "Edmonton int."]
[Site "Edmonton CAN"]
[Date "2012.06.30"]
[Round "6"]
[White "Porper, Edward"]
[Black "Piasetski, Leon"]
[Result "1/2-1/2"]
[WhiteElo "2414"]
[BlackElo "2304"]
[PlyCount "81"]
[GameId "2160767909509059"]
[EventDate "2012.06.27"]
[EventType "tourn"]
[EventRounds "9"]
[EventCountry "CAN"]
[EventCategory "6"]
[SourceTitle "CBM 149 Extra"]
[Source "ChessBase"]
[SourceDate "2012.08.24"]
[SourceVersion "1"]
[SourceVersionDate "2012.08.24"]
[SourceQuality "1"]

1. d4 d5 2. c4 c6 3. Nf3 Nf6 4. Nc3 e6 5. Bg5 Nbd7 6. cxd5 exd5 7. e3 Be7 8. Qc2 Nh5 9. Bxe7 Qxe7 10. O-O-O Ndf6 11. Ne5 g6 12. Be2 Ng7 13. g4 Be6 14. f4 O-O-O 15. Kb1 Kb8 16. Ka1 h5 17. h3 Rh7 18. Bf3 Rdh8 19. g5 Nfe8 20. e4 Nc7 21. Rhe1 Rd8 22. f5 gxf5 23. exf5 Nxf5 24. Qxf5 Bxf5 25. Nxc6+ bxc6 26. Rxe7 h4 27. Rc1 Ne6 28. Na4 Nxd4 29. Nc5 Rg8 30. Na6+ Kc8 31. Bxd5 Nc2+ 32. Rxc2 Bxc2 33. Bxc6 f6 34. Re3 Rd8 35. b3 Bd3 36. Nb4 Rc7 37. gxf6 Bg6 38. Bd5 Rd6 39. Be6+ Kb7 40. Bd5+ Kc8 41. Bc4 1/2-1/2

[Event "Edmonton int."]
[Site "Edmonton CAN"]
[Date "2012.07.01"]
[Round "7"]
[White "Haessel, Dale"]
[Black "Mikhalevski, Victor"]
[Result "1-0"]
[WhiteElo "2161"]
[BlackElo "2519"]
[PlyCount "101"]
[GameId "2160767909509062"]
[EventDate "2012.06.27"]
[EventType "tourn"]
[EventRounds "9"]
[EventCountry "CAN"]
[EventCategory "6"]
[SourceTitle "CBM 149 Extra"]
[Source "ChessBase"]
[SourceDate "2012.08.24"]
[SourceVersion "1"]
[SourceVersionDate "2012.08.24"]
[SourceQuality "1"]

1. Nf3 Nf6 2. c4 c5 3. Nc3 d5 4. cxd5 Nxd5 5. e4 Nb4 6. Bc4 Nd3+ 7. Ke2 Nf4+ 8. Kf1 Ne6 9. b4 cxb4 10. Ne2 Nc7 11. d4 e6 12. h4 b5 13. Bd3 Bb7 14. h5 h6 15. Rh3 Nd7 16. Bf4 a6 17. Qd2 Be7 18. Rg3 Kf8 19. Be5 Ne8 20. Nf4 Nef6 21. Re1 Rg8 22. d5 Qb6 23. dxe6 fxe6 24. Ng6+ Ke8 25. Bxf6 Bxf6 26. e5 Bd8 27. Rd1 Nc5 28. Bb1 Bd5 29. Nf4 Bc4+ 30. Kg1 Ra7 31. Bg6+ Ke7 32. Bh7 Rd7 33. Nd4 Kf7 34. Rf3 Rh8 35. Ng6+ Ke8 36. Nxh8 Bg5 37. Bg6+ Kd8 38. Nf7+ Kc7 39. Nxg5 hxg5 40. Rf7 Rxf7 41. Bxf7 Nd3 42. Nxe6+ Kb8 43. Nxg5 Nxe5 44. Qxb4 Nxf7 45. Nxf7 Qf6 46. Rd7 Kc8 47. Re7 Qd4 48. Qd6 Qxd6 49. Nxd6+ Kd8 50. Rxg7 Bxa2 51. h6 1-0

[Event "Edmonton int."]
[Site "Edmonton CAN"]
[Date "2012.07.01"]
[Round "7"]
[White "Piasetski, Leon"]
[Black "Pechenkin, Vladimir"]
[Result "1/2-1/2"]
[WhiteElo "2304"]
[BlackElo "2312"]
[PlyCount "87"]
[GameId "2160767909509064"]
[EventDate "2012.06.27"]
[EventType "tourn"]
[EventRounds "9"]
[EventCountry "CAN"]
[EventCategory "6"]
[SourceTitle "CBM 149 Extra"]
[Source "ChessBase"]
[SourceDate "2012.08.24"]
[SourceVersion "1"]
[SourceVersionDate "2012.08.24"]
[SourceQuality "1"]

1. Nf3 f5 2. d4 Nf6 3. c4 e6 4. g3 d5 5. Bg2 c6 6. O-O Bd6 7. Bf4 Bxf4 8. gxf4 O-O 9. Nbd2 Nbd7 10. Qc2 Ne4 11. e3 Qe7 12. Rab1 Nxd2 13. Qxd2 Nf6 14. Rfc1 Bd7 15. Ne5 Rfc8 16. b4 a6 17. a4 Be8 18. c5 Kh8 19. f3 Nd7 20. Nd3 Nf8 21. Qf2 Rc7 22. Qg3 Ng6 23. Bf1 h6 24. Be2 Nh4 25. Kf2 Kh7 26. Rg1 Bh5 27. Ne5 Rg8 28. Bd3 g6 29. Ke2 Qf6 30. Kd2 Rcg7 31. Qf2 g5 32. fxg5 Rxg5 33. Rg3 Ng6 34. f4 Rxg3 35. hxg3 Nxe5 36. fxe5 Qd8 37. Rh1 Bg4 38. Qf4 Rg6 39. Kc3 Kg7 40. Qf2 Rg5 41. Kb3 Kh7 42. Kc3 Kg7 43. Kb3 Kh7 44. Kc3 1/2-1/2

[Event "Edmonton int."]
[Site "Edmonton CAN"]
[Date "2012.07.01"]
[Round "8"]
[White "Mikhalevski, Victor"]
[Black "Krush, Irina"]
[Result "0-1"]
[WhiteElo "2519"]
[BlackElo "2457"]
[PlyCount "116"]
[GameId "2160767909509066"]
[EventDate "2012.06.27"]
[EventType "tourn"]
[EventRounds "9"]
[EventCountry "CAN"]
[EventCategory "6"]
[SourceTitle "CBM 149 Extra"]
[Source "ChessBase"]
[SourceDate "2012.08.24"]
[SourceVersion "1"]
[SourceVersionDate "2012.08.24"]
[SourceQuality "1"]

1. d4 Nf6 2. c4 e6 3. g3 Bb4+ 4. Bd2 Bxd2+ 5. Nxd2 d6 6. Ngf3 O-O 7. Bg2 Nc6 8. O-O e5 9. d5 Nb8 10. Ne1 a5 11. Nd3 Na6 12. e4 Nd7 13. f4 f6 14. Nb1 c6 15. Nc3 Ndc5 16. Kh1 Bg4 17. Qxg4 Nxd3 18. Rad1 Ndc5 19. h4 Nb4 20. dxc6 bxc6 21. Rd2 Qe7 22. Rfd1 Rfd8 23. f5 a4 24. Qe2 a3 25. b3 Kh8 26. Qe3 Nca6 27. g4 Nc5 28. Bf3 Nca6 29. g5 Nc5 30. Ne2 Rab8 31. Kg2 Nca6 32. Ng3 c5 33. Nh5 Nc6 34. Kh1 Nd4 35. Rg1 Rg8 36. Rdg2 Nb4 37. Bd1 Ra8 38. Rf2 Raf8 39. Rg3 Rb8 40. Rfg2 Rbf8 41. Kh2 Ndc6 42. gxf6 gxf6 43. Qg1 Qd8 44. Ng7 Nd4 45. h5 Qa8 46. Qe3 Nxa2 47. Rg4 Nb4 48. Qh6 Rf7 49. Ne6 Rxg4 50. Rxg4 a2 51. Rg7 Qg8 52. Rxg8+ Kxg8 53. Qc1 Ra7 54. Qa1 Nbc2 55. Bxc2 Nxc2 56. Qd1 Nd4 57. Qg4+ Kh8 58. Qh4 Nf3+ 0-1

[Event "Edmonton int."]
[Site "Edmonton CAN"]
[Date "2012.07.01"]
[Round "8"]
[White "Wang, Richard"]
[Black "Piasetski, Leon"]
[Result "1-0"]
[WhiteElo "2307"]
[BlackElo "2304"]
[PlyCount "63"]
[GameId "2160767909509070"]
[EventDate "2012.06.27"]
[EventType "tourn"]
[EventRounds "9"]
[EventCountry "CAN"]
[EventCategory "6"]
[SourceTitle "CBM 149 Extra"]
[Source "ChessBase"]
[SourceDate "2012.08.24"]
[SourceVersion "1"]
[SourceVersionDate "2012.08.24"]
[SourceQuality "1"]

1. d4 Nf6 2. Nf3 e6 3. e3 b6 4. Bd3 Bb7 5. O-O c5 6. c4 d6 7. Nc3 Nbd7 8. b3 Be7 9. Bb2 O-O 10. d5 e5 11. Nd2 Ne8 12. f4 exf4 13. exf4 Bf6 14. Qc2 g6 15. Rae1 Bc8 16. h3 a6 17. a4 Ra7 18. Re2 Bg7 19. Nce4 Ndf6 20. Ng3 Re7 21. Ref2 b5 22. axb5 axb5 23. Kh2 b4 24. f5 Bd7 25. Nf3 Bc8 26. fxg6 fxg6 27. Bxg6 hxg6 28. Qxg6 Nd7 29. Ng5 Rxf2 30. Qh7+ Kf8 31. Rxf2+ Nef6 32. Nh5 1-0

[Event "Edmonton int."]
[Site "Edmonton CAN"]
[Date "2012.07.02"]
[Round "9"]
[White "Gardner, Robert"]
[Black "Wang, Richard"]
[Result "1-0"]
[WhiteElo "2202"]
[BlackElo "2307"]
[PlyCount "91"]
[GameId "2160767909509071"]
[EventDate "2012.06.27"]
[EventType "tourn"]
[EventRounds "9"]
[EventCountry "CAN"]
[EventCategory "6"]
[SourceTitle "CBM 149 Extra"]
[Source "ChessBase"]
[SourceDate "2012.08.24"]
[SourceVersion "1"]
[SourceVersionDate "2012.08.24"]
[SourceQuality "1"]

1. d4 Nf6 2. c4 e6 3. Nc3 Bb4 4. e3 c5 5. Bd3 O-O 6. Nge2 b6 7. a3 Ba5 8. Rb1 Nc6 9. O-O Bxc3 10. Nxc3 cxd4 11. exd4 d5 12. Bg5 dxc4 13. Be4 Bb7 14. Qf3 Nxd4 15. Qh3 Ne2+ 16. Kh1 Bxe4 17. Nxe4 Qd3 18. Nxf6+ gxf6 19. Be3 Kh8 20. Qf3 Rfd8 21. Rfe1 f5 22. Qxe2 Qxe2 23. Rxe2 f6 24. f4 Kg7 25. Bd2 Kf7 26. Bc3 Rd6 27. Bb4 Rd4 28. g3 a5 29. Bc3 Rd6 30. Rd2 Rxd2 31. Bxd2 Rd8 32. Bc3 Rd5 33. Re1 Ke7 34. Kg2 Rd3 35. Kf2 h5 36. Ke2 h4 37. gxh4 Rh3 38. Rh1 Rxh4 39. Kf3 Rh3+ 40. Kg2 Rh6 41. h4 Kd6 42. h5 e5 43. fxe5+ fxe5 44. Kg3 Rh8 45. Kh4 f4 46. Rd1+ 1-0

[Event "Edmonton int."]
[Site "Edmonton CAN"]
[Date "2012.07.02"]
[Round "9"]
[White "Haessel, Dale"]
[Black "Pechenkin, Vladimir"]
[Result "0-1"]
[WhiteElo "2161"]
[BlackElo "2312"]
[PlyCount "58"]
[GameId "2160767909509072"]
[EventDate "2012.06.27"]
[EventType "tourn"]
[EventRounds "9"]
[EventCountry "CAN"]
[EventCategory "6"]
[SourceTitle "CBM 149 Extra"]
[Source "ChessBase"]
[SourceDate "2012.08.24"]
[SourceVersion "1"]
[SourceVersionDate "2012.08.24"]
[SourceQuality "1"]

1. d4 f5 2. c4 Nf6 3. Nf3 g6 4. g3 Bg7 5. Bg2 O-O 6. b3 c6 7. O-O Ne4 8. Bb2 d5 9. Ne5 Be6 10. f3 Nd6 11. c5 Bxe5 12. dxe5 Nf7 13. f4 b6 14. cxb6 axb6 15. Qc2 Qd7 16. Nc3 Na6 17. Rfd1 Qb7 18. Na4 Rfd8 19. a3 Rac8 20. Rd2 Qa7 21. Kh1 b5 22. Nc3 d4 23. Nd1 c5 24. a4 Nb4 25. Qb1 bxa4 26. Rxa4 Qb6 27. Ba3 Bd7 28. e6 Qxe6 29. Ra7 Bc6 0-1

[Event "Edmonton int."]
[Site "Edmonton CAN"]
[Date "2012.07.02"]
[Round "9"]
[White "Krush, Irina"]
[Black "Porper, Edward"]
[Result "1-0"]
[WhiteElo "2457"]
[BlackElo "2414"]
[PlyCount "193"]
[GameId "2160767909509074"]
[EventDate "2012.06.27"]
[EventType "tourn"]
[EventRounds "9"]
[EventCountry "CAN"]
[EventCategory "6"]
[SourceTitle "CBM 149 Extra"]
[Source "ChessBase"]
[SourceDate "2012.08.24"]
[SourceVersion "1"]
[SourceVersionDate "2012.08.24"]
[SourceQuality "1"]

1. c4 Nf6 2. Nc3 Nc6 3. g3 e5 4. Bg2 Bc5 5. e3 O-O 6. Nge2 a6 7. O-O Ba7 8. b3 d6 9. Bb2 Bf5 10. h3 h5 11. f4 Qd7 12. Kh2 Bd3 13. Rf2 Rfe8 14. Nc1 Bg6 15. Qf1 exf4 16. gxf4 Bf5 17. Nd5 Nxd5 18. cxd5 Nb4 19. a3 Nc2 20. Ra2 f6 21. Re2 Qf7 22. Bc3 Bxe3 23. dxe3 Nxe3 24. Qg1 Nxg2 25. Qxg2 Kh7 26. Rxe8 Rxe8 27. Re2 Re7 28. Qf3 Kh6 29. Bd2 Qe8 30. Rxe7 Qxe7 31. Ne2 Qe4 32. Qxe4 Bxe4 33. Nc3 Bc2 34. b4 Kg6 35. Kg3 Kf5 36. h4 c6 37. dxc6 bxc6 38. Kf3 Bb3 39. Be1 Bc4 40. Bf2 Bb3 41. Ke3 Bc2 42. Ne2 c5 43. Ng3+ Kg4 44. Ne4 cxb4 45. axb4 Ba4 46. Nxd6 Bc6 47. Ne4 Bb5 48. Nc5 Kf5 49. Kf3 Bc6+ 50. Kg3 Bb5 51. Nb3 Bc4 52. Nd2 Be2 53. Nf3 Ke4 54. Ng1 Bg4 55. Bc5 Kf5 56. Be7 Bd1 57. Nh3 Bg4 58. Bf8 g6 59. Be7 Ke6 60. Bd8 Kf5 61. Ng1 Bd1 62. Nf3 Ke4 63. Ne1 f5 64. Bb6 Bg4 65. Nc2 Be2 66. Nd4 Bc4 67. Nc6 Bb5 68. Ne5 Be8 69. Ba7 Ba4 70. Nxg6 Kd3 71. Ne5+ Ke2 72. Nf3 Bd7 73. Nd4+ Kd3 74. Bc5 Bc8 75. Kf2 Bd7 76. Nf3 Ba4 77. Bd6 Bd1 78. Ne5+ Kd4 79. Ke1 Bb3 80. Kd2 Be6 81. Nd3 Bc4 82. Be5+ Ke4 83. Ne1 Bf1 84. Nc2 Bb5 85. Nd4 Bd7 86. Kc3 Kd5 87. Kd3 Be8 88. Nc2 Bb5+ 89. Kc3 Ke4 90. Nd4 Bf1 91. Kb3 Bd3 92. Ka4 Ke3 93. Ne6 Kf3 94. Bf6 Bc4 95. Ng7 Kxf4 96. Nxh5+ Kg4 97. Ng7 1-0

[Event "Edmonton int."]
[Site "Edmonton CAN"]
[Date "2012.07.02"]
[Round "9"]
[White "Piasetski, Leon"]
[Black "Short, Nigel"]
[Result "0-1"]
[WhiteElo "2304"]
[BlackElo "2705"]
[PlyCount "74"]
[GameId "2160767909509075"]
[EventDate "2012.06.27"]
[EventType "tourn"]
[EventRounds "9"]
[EventCountry "CAN"]
[EventCategory "6"]
[SourceTitle "CBM 149 Extra"]
[Source "ChessBase"]
[SourceDate "2012.08.24"]
[SourceVersion "1"]
[SourceVersionDate "2012.08.24"]
[SourceQuality "1"]

1. Nf3 d6 2. d4 Bg4 3. e4 Nf6 4. Nc3 e6 5. h3 Bh5 6. Be3 Be7 7. Be2 a6 8. Nd2 Bxe2 9. Qxe2 O-O 10. O-O Nc6 11. Rad1 b5 12. f4 b4 13. Ncb1 Qb8 14. g4 Qb5 15. Qf3 Nd7 16. f5 h6 17. Rf2 Rae8 18. Rg2 Bg5 19. Bxg5 hxg5 20. c3 Nf6 21. h4 Nh7 22. hxg5 Nxg5 23. Qe3 f6 24. fxe6 d5 25. c4 dxc4 26. Nf3 Nxf3+ 27. Qxf3 Rxe6 28. d5 Ne5 29. Qh3 Qc5+ 30. Kh1 Re7 31. Rf1 Qd4 32. Nd2 c3 33. bxc3 bxc3 34. Rh2 cxd2 35. Qh8+ Kf7 36. Rxf6+ gxf6 37. Qh5+ Ng6 0-1